[Event "Pasto op 3rd"]
[Site "Pasto"]
[Date "2023.02.18"]
[Round "3"]
[White "Casanova Hernandez, Julio"]
[Black "Naranjo Diaz, Juan Felipe"]
[Result "1-0"]
[WhiteElo "1739"]
[BlackElo "1562"]
[PlyCount "41"]
[EventDate "2023.02.17"]
[EventType "swiss"]
[EventRounds "6"]
[EventCountry "COL"]
[SourceTitle "EXT 2024"]
[Source "ChessBase"]
[SourceDate "2023.10.10"]
[SourceVersion "1"]
[SourceVersionDate "2023.10.10"]
[SourceQuality "1"]

1. e4 e5 2. Nf3 Nf6 3. Nxe5 d6 4. Nf3 Nxe4 5. d4 d5 6. Bd3 Bd6 7. 0-0 0-0 8. c4 c6 9. Nc3 Nxc3 10. bxc3 dxc4 11. Bxc4 Bg4 12. h3 Bh5 13. g4 Bg6 14. Re1 h5 15. Ne5 Bxe5 16. Rxe5 hxg4 17. Qxg4 Bh7 18. Bg5 Qb6 19. Bh6 g6 20. Re7 Na6 21. Qf4 1-0

[Event "Pasto Futuros Maestros-B"]
[Site "Pasto"]
[Date "2023.01.13"]
[Round "1"]
[White "Huertas Riascos, Edwin Mauricio"]
[Black "Naranjo Diaz, Juan Felipe"]
[Result "0-1"]
[WhiteElo "1734"]
[BlackElo "1587"]
[PlyCount "76"]
[EventDate "2023.01.13"]
[EventType "tourn"]
[EventRounds "7"]
[EventCountry "COL"]
[SourceTitle "CBM 212 Extra"]
[Source "ChessBase"]
[SourceDate "2023.03.31"]
[SourceVersion "1"]
[SourceVersionDate "2023.03.31"]
[SourceQuality "1"]

1. e4 e5 2. Nf3 Nf6 3. d4 Nxe4 4. dxe5 Nc5 5. Be3 Ne6 6. Bc4 d6 7. Nc3 Nc6 8. Qe2 dxe5 9. Bb5 Bd6 10. Rd1 Bd7 11. 0-0 0-0 12. Ne4 Ned4 13. Nxd4 Nxd4 14. Bxd4 Bxb5 15. Qxb5 exd4 16. Qh5 h6 17. Rd3 Re8 18. Qf5 Bxh2+ 19. Kxh2 Qh4+ 20. Kg1 Rxe4 21. Rf3 Qe7 22. Rg3 Re8 23. Rd3 Rh4 24. g3 g6 25. Qa5 Rh5 26. Qd2 Qe4 27. f3 Qe2 28. Rf2 Qe1+ 29. Qxe1 Rxe1+ 30. Rf1 Rxf1+ 31. Kxf1 Rh2 32. c3 Rxb2 33. cxd4 Rxa2 34. d5 Ra5 35. Ke2 Kf8 36. Ke3 Ke7 37. Ke4 Kd6 38. f4 f5+ 0-1

[Event "Manizales op 28th"]
[Site "Manizales"]
[Date "2023.01.06"]
[Round "2"]
[White "Naranjo Diaz, Juan Felipe"]
[Black "Ocampo Arredondo, Luis Fernando"]
[Result "1-0"]
[WhiteElo "1587"]
[BlackElo "1203"]
[PlyCount "101"]
[EventDate "2023.01.05"]
[EventType "swiss"]
[EventRounds "8"]
[EventCountry "COL"]
[SourceTitle "CBM 212 Extra"]
[Source "ChessBase"]
[SourceDate "2023.03.31"]
[SourceVersion "1"]
[SourceVersionDate "2023.03.31"]
[SourceQuality "1"]

1. e4 e5 2. Nf3 Nc6 3. Nc3 Bc5 4. Nxe5 Qf6 5. Nf3 Nge7 6. Bb5 0-0 7. 0-0 Ng6 8. Nd5 Qd8 9. d4 Be7 10. b3 a6 11. Bd3 h6 12. h3 Nb4 13. Nxb4 Bxb4 14. Bb2 Re8 15. e5 Nf4 16. Bc4 b5 17. a3 Ba5 18. b4 Bb6 19. Bb3 Bb7 20. d5 d6 21. exd6 cxd6 22. a4 Qd7 23. a5 Ba7 24. c4 Re4 25. cxb5 Qxb5 26. Nd2 Ne2+ 27. Kh1 Rf4 28. Bc4 Qe8 29. Bxe2 Bxd5 30. Nf3 Qe6 31. Ra3 Re8 32. Bxa6 Rxb4 33. Qc1 Bc5 34. Qc3 Qg6 35. Bd3 Be4 36. Nh4 Qg5 37. f4 Qg3 38. Bxe4 Rbxe4 39. Nf5 Qxc3 40. Rxc3 f6 41. Rg3 Re2 42. Bxf6 Kf7 43. Bxg7 R8e6 44. Nxh6+ Ke8 45. f5 R6e3 46. f6 d5 47. Rxe3+ Rxe3 48. f7+ Kd7 49. Ra1 Re6 50. a6 Rg6 51. a7 1-0

[Event "Pasto Narino Cup"]
[Site "Pasto"]
[Date "2022.07.23"]
[Round "1"]
[White "Escobar Villota, Domenika Gabriela"]
[Black "Naranjo Diaz, Juan Felipe"]
[Result "1-0"]
[WhiteElo "1485"]
[BlackElo "1269"]
[PlyCount "65"]
[EventDate "2022.07.23"]
[EventType "swiss"]
[EventRounds "6"]
[EventCountry "COL"]
[SourceTitle "CBM 209 Extra"]
[Source "ChessBase"]
[SourceDate "2022.09.30"]
[SourceVersion "1"]
[SourceVersionDate "2022.09.30"]
[SourceQuality "1"]

1. e4 e5 2. Nf3 Nf6 3. Nxe5 d6 4. Nf3 Nxe4 5. c4 c6 6. Nc3 Nxc3 7. dxc3 d5 8. cxd5 cxd5 9. Bb5+ Nc6 10. Ne5 Bd7 11. Qxd5 Nxe5 12. Qxe5+ Qe7 13. Bxd7+ Kxd7 14. Qxe7+ Bxe7 15. Bf4 Rhe8 16. 0-0-0+ Kc8 17. Rhe1 b6 18. Kc2 a5 19. Bd6 Kb7 20. Rxe7+ Rxe7 21. Bxe7 Re8 22. Bg5 f6 23. Bf4 h5 24. Rd7+ Kc6 25. Rc7+ Kd5 26. Be3 g5 27. Rf7 h4 28. Rxf6 g4 29. Rxb6 g3 30. hxg3 hxg3 31. Kd3 Rg8 32. Bd4 a4 33. c4# 1-0

[Event "Pasto Narino Cup"]
[Site "Pasto"]
[Date "2022.07.23"]
[Round "3"]
[White "Rodriguez Calvachi, Diego"]
[Black "Naranjo Diaz, Juan Felipe"]
[Result "1/2-1/2"]
[WhiteElo "1530"]
[BlackElo "1269"]
[PlyCount "127"]
[EventDate "2022.07.23"]
[EventType "swiss"]
[EventRounds "6"]
[EventCountry "COL"]
[SourceTitle "CBM 209 Extra"]
[Source "ChessBase"]
[SourceDate "2022.09.30"]
[SourceVersion "1"]
[SourceVersionDate "2022.09.30"]
[SourceQuality "1"]

1. e4 e5 2. Nf3 Nf6 3. Nc3 Nc6 4. Bc4 Nxe4 5. Nxe4 d5 6. Bxd5 Qxd5 7. Nc3 Qd8 8. h3 Bd6 9. d3 0-0 10. Bg5 f6 11. Be3 Bf5 12. d4 exd4 13. Nxd4 Nxd4 14. Bxd4 Re8+ 15. Ne2 c5 16. Be3 c4 17. Nd4 Bg6 18. Qe2 Bc5 19. Qxc4+ Bf7 20. Qxc5 b6 21. Qc6 Qxd4 22. 0-0 Qxb2 23. a3 Rac8 24. Rab1 Qxb1 25. Qxe8+ Rxe8 26. Rxb1 Bg6 27. Rc1 Rc8 28. c3 h5 29. c4 h4 30. c5 Be4 31. cxb6 Rxc1+ 32. Bxc1 axb6 33. a4 Bc2 34. Be3 Bxa4 35. Bxb6 Kh7 36. f3 Kh6 37. Kf2 Kg5 38. Bc5 Kf5 39. Ke3 Ke5 40. Bf8 g5 41. Bb4 f5 42. Bc3+ Kd5 43. Bf6 g4 44. Bxh4 gxh3 45. gxh3 Bd7 46. Kf4 Kd4 47. Bf6+ Kd5 48. h4 Ke6 49. Kg5 Kf7 50. f4 Kg8 51. Kh6 Be6 52. h5 Bd7 53. Kg6 Be8+ 54. Kg5 Kh7 55. Be7 Kg7 56. h6+ Kh7 57. Bf8 Bf7 58. Kxf5 Be8 59. Kf6 Bd7 60. f5 Kg8 61. Bg7 Kh7 62. Ke5 Bxf5 63. Kxf5 Kg8 64. Kg6 1/2-1/2